| 000 | 00681nam a2200169 i 4500 | ||
|---|---|---|---|
| 001 | 38563 | ||
| 003 | ES-MaACL | ||
| 005 | 20260201162857.0 | ||
| 007 | t| | ||
| 008 | 030225s1965 sp ||||1| spa d | ||
| 110 | 2 |
_aCámara Oficial Agrícola de Comercio e Industria de Fernando Poo _92371 |
|
| 245 | 1 | 0 |
_aMemoria explicativa de la actuación de esta corporación durante el ejercicio de 1964 / _cCámara Oficial Agrícola de Comercia e Industria de Fernando Poo. |
| 260 |
_a[Santa Isabel : _bCámara Oficial Agrícola de Comercio e Industria de Fernando Poo, _c1965. |
||
| 300 |
_a27 h. ; _c34 cm. |
||
| 852 |
_aES-MaACL _j2047-F-7 _bR.59658 |
||
| 999 |
_c38563 _d38563 |
||